Hodnotenie ekonomiky vybraného ubytovacieho zariadenia bakalárska práca

Gespeichert in:
Bibliographische Detailangaben
1. Verfasser: Tomala, Tomáš
Körperschaft: Obchodná fakulta EU. Katedra služieb a cestovného ruchu - zrušené
Weitere Verfasser: Bažó, Ladislav, 1980-
Format: Buch
Sprache:Slowakisch
Veröffentlicht: Bratislava 2021
Tags: Tag hinzufügen
Keine Tags, Fügen Sie das erste Tag hinzu!

MARC

LEADER 00000nbm a2200000 4500
001 0276000
005 20220203121200.4
041 0 |a slo 
044 |a SK 
245 1 0 |a Hodnotenie ekonomiky vybraného ubytovacieho zariadenia  |b bakalárska práca  |c Tomáš Tomala ; školiteľ: Ladislav Bažó 
264 1 |a Bratislava  |c 2021 
300 |a 60 s. 
100 1 |a Tomala, Tomáš 
700 1 |a Bažó, Ladislav, 1980- 
710 2 |a Obchodná fakulta EU. Katedra služieb a cestovného ruchu - zrušené